Adalet tutkusu : (Record no. 14848)
[ view plain ]
| 000 -BAŞLIK | |
|---|---|
| Sabit Uzunlukta Kontrol Alanı | 00923nam a22002537a 4500 |
| 999 ## - SİSTEM KONTROL NUMARALARI (KOHA) | |
| Koha Biblionumber | 14848 |
| Koha Biblioitemnumber | 14848 |
| 003 - KONTROL NUMARASI IDENTIFIER | |
| Denetim Alanı | MIRAKIL |
| 005 - SON İŞLEM TARİHİ VE ZAMANI | |
| Denetim Alanı | 20220316114205.0 |
| 008 - SABİT-BOY VERİ ELEMANLARI - GENEL BİLGİLER | |
| Sabit Uzunlukta Kontrol Alanı | 220316b tu ||||| |||| 00| 0 tur d |
| 020 ## - ULUSLARARASI STANDART KİTAP NUMARASI | |
| Uluslararası Standart Kitap Numarası | 975539401X |
| 040 ## - KATALOGLAMA KAYNAK | |
| Orijinal Kataloglama Ajansı | TR-AnCHP |
| Metne Dönüştürmek Ajansı | TR-AnCHP |
| 041 ## - DİL KODU | |
| Metin / Ses Parça Veya Ayrı Başlığın Dil Kodu | tur |
| 082 ## - DEWEY ONLU SINIFLANDIRMA NUMARASI | |
| Sınıflandırma Numarası | 303.372 |
| Ürün Numarası | S64a 2004 |
| 100 ## - ANA GİRİŞ - KİŞİSEL İSİM | |
| Kişisel Ad | Solomon, Robert C., |
| 245 10 - BAŞLIK TABLOSU | |
| Başlık | Adalet tutkusu : |
| Başlığın Kalan | toplum sözleşmesinin kökenleri ve temelindeki duygular / |
| Sorumluluk Tablosu, Vb | Robert C. Solomon ; çeviren: Ertuğ Altınay |
| 246 ## - UNVAN FORM VARYING | |
| Başlık Doğru / Kısa Başlığı | toplum sözleşmesinin kökenleri ve temelindeki duygular |
| 260 ## - YAYIN, DAĞITIM, VB | |
| Yayın, Dağıtım, Vb Yeri | İstanbul : |
| Yayıncı, Dağıtıcı, Vs Adı | Ayrıntı yayınları, |
| Yayın, Dağıtım, Vb Tarihi | 2004. |
| 300 ## - FİZİKSEL TANIM | |
| Kapsam | 376 s.: |
| Boyutlar | 20 sm. |
| 490 0# - SERİSİ TABLOSU | |
| Seri Beyanı | Ayrıntı Yayınları ; |
| -- | İnceleme dizisi ; |
| Hacim / Ardışık Tanımı | 440. |
| -- | 196. |
| 504 ## - KAYNAKÇA VB NOT | |
| Kaynakça Vb Notu | Kaynakça ve dizin vardır. |
| 650 #0 - KONU KATMA GİRİŞ - TOPİKAL DÖNEM | |
| 9 (RLIN) | 7024 |
| Topikal Süreli Veya Coğrafi Ad Giriş Elemanı | Toplumsal adalet |
| 700 ## - KATMA GİRİŞ - KİŞİSEL İSİM | |
| 9 (RLIN) | 7023 |
| Kişisel Ad | Altınay, Ertuğ |
| Relator Terim | çev. |
| 740 ## - KATMA GİRİŞ - KONTROLSUZ İLGİLİ / ANALİTİK BAŞLIK | |
| Kontrol Edilmeyen / İlgili Analitik Başlıktaki | toplum sözleşmesinin kökenleri ve temelindeki duygular |
| 942 ## - EKLENDİ GİRİŞ ELEMANLARI (KOHA) | |
| Sınıflandırma Veya Raf Düzeni Kaynak | Dewey Decimal Classification |
| Koha Öğesi Türü | Books |
| Kalıcı Konum | Mevcut Konum | Edinme Tarihi | Toplam Check-Out'Lar | Tam Çağrı Numarası | Barkod | Tarih Son Görülme | İtibaren Geçerli Fiyatlar | Koha Öğesi Türü |
|---|---|---|---|---|---|---|---|---|
| CHP Kütüphanesi | CHP Kütüphanesi | 03/16/2022 | 303.372 S64a 2004 | 020362 | 03/16/2022 | 03/16/2022 | Books |
